000 00430nam a2200157Ia 4500
008 230524s9999 xx 000 0 und d
082 _a612
_bCHA
100 _aB D Chaurasia
_925438
245 0 _a"Human Anatomy V-3 Regional & Applied Dissection & Clinical-(Head,Neck & Brain)"
250 _a4TH
260 _aNEW DELHI
_bCBS
_c2006
300 _aXVI;403
500 _aQuantity Number: 1
650 _aBiomedical
942 _cBK
999 _c37464
_d37464